书目信息 |
| 题名: |
微分方程模型
|
|
| 作者: | 朱煜民 , 周宇虹 译 | |
| 分册: | ||
| 出版信息: | 长沙 国防科技大学出版社 1998.05 |
|
| 页数: | 430页 | |
| 开本: | 32开 | |
| 丛书名: | ||
| 单 册: | ||
| 中图分类: | O241.8 | |
| 科图分类: | ||
| 主题词: | 计算数学 | |
| 电子资源: | ||
| ISBN: | 7-81024-483-3 | |
| 000 | 00588nam0 2200205 45 | |
| 001 | 0012261008 | |
| 005 | 20001226100602.6 | |
| 010 | @a7-81024-483-3@d25.00元 | |
| 100 | @a20001226d1998 km y0chiy0120 ea | |
| 101 | 0 | @achi |
| 105 | @a z 000yy | |
| 200 | 1 | @a微分方程模型@AWei Fen Fang Cheng Mo Xing@f朱煜民,周宇虹译@FZhu Yu Min,Zhou Yu Hong Yi |
| 210 | @a长沙@c国防科技大学出版社@d1998.05 | |
| 215 | @a430页@d32开 | |
| 606 | 0 | @a计算数学 |
| 690 | @aO241.8@v3 | |
| 701 | 0 | @a朱煜民@4译 |
| 701 | 0 | @a周宇虹@4译 |
| 801 | @aCN@bPftUser@c20001226 | |
| 905 | @b314620-624@dO241.8@eZH543@f5 | |
| 微分方程模型/朱煜民,周宇虹译.-长沙:国防科技大学出版社,1998.05 |
| 430页;32开 |
| ISBN 7-81024-483-3:25.00元 |
| ● |
| 相关链接 |
|
|
|
正题名:微分方程模型
索取号:O241.8/ZH543
 
预约/预借
| 序号 | 登录号 | 条形码 | 馆藏地/架位号 | 状态 | 备注 |
| 1 | 314620 | 203146201 | 自科二线504/504自科库 49排6列4层/ [索取号:O241.8/ZH543] | 在馆 | |
| 2 | 314621 | 203146210 | 自科二线504/504自科库 49排6列4层/ [索取号:O241.8/ZH543] | 在馆 | |
| 3 | 314622 | 203146229 | 自科二线504/504自科库 49排6列4层/ [索取号:O241.8/ZH543] | 在馆 | |
| 4 | 314623 | 203146238 | 自科二线504/504自科库 49排6列4层/ [索取号:O241.8/ZH543] | 在馆 | |
| 5 | 314624 | 203146247 | 自科二线504/504自科库 49排6列4层/ [索取号:O241.8/ZH543] | 在馆 |